Two Syllable Island Countries - Statistics

General Stats
  • This quiz has been taken 64 times
  • The average score is 13 of 15
Answer Stats
Countries % Correct
Cuba
93%
Palau
93%
Malta
91%
Fiji
89%
Japan
89%
Haiti
87%
Cyprus
85%
Brunei
84%
Iceland
84%
Tonga
84%
Nauru
82%
Maldives
78%
Seychelles
78%
Taiwan
75%
Bahrain
71%
No matching quizzes found
Score Distribution
Percent of People with Each Score
Percentile by Number Answered
Your Score History
You have not taken this quiz